000 00774na a2200277 4500
001 12758
003 MIRAKIL
005 20181213154754.0
008 160922b tu 000 0
020 _a9786059080088
035 _a12758
040 _aMilas
_btur
_cTR-AnCHP
082 _a297.82
_bR29h
090 _a297.82 R29h 2015
100 _aRazi, Ebu'l-Futuh
245 _aHüsniye Risalesi
_cEbu'l-Futuh Razi (Cemaleddin Hüseyin Nişaburi) ; çeviren: Kemal Küntaş
260 _aİstanbul
_bKalender Yayınevi
_c2015
300 _a160 s.
_c21 sm.
490 _aAlevilik kaynakları
_v1
490 _aKalender Yayınevi
_v23
490 _aAlevilik
_v2
650 _aŞiilik
650 _aAlevilik
_xRisaleler
700 _aKüntaş, Kemal
942 _2dcc
_cBKS
999 _c570
_d570